| 000 | 01391nam a22002297a 4500 | ||
|---|---|---|---|
| 999 |
_c57879 _d57879 |
||
| 003 | Ge_BSU | ||
| 005 | 20210323142238.0 | ||
| 008 | 210323s2020 ||||| |||| 00| 0 geo d | ||
| 020 | _a9789941970214 | ||
| 041 | _ageo | ||
| 080 | _a621.39 უ-86 | ||
| 100 |
_aუღრელიძე, ნოდარ _910685 |
||
| 245 |
_aციფრული კავშირის სისტემების შემუშავება რადიოარხებისათვის : _b[მონოგრაფია] / _cნოდარ უღრელიძე, სერგო შავგულიძე ; რედაქცია ზურაბ ყიფშიძე. |
||
| 264 |
_aთბილისი : _bკავკასიის უნივერსიტეტის გამომცემლობა, _c2020. |
||
| 300 |
_a154 გვ. : _b ნახ. ; _c 20 სმ. |
||
| 504 | _aბიბლიოგრაფია თავების ბოლოს | ||
| 653 | _aციფრული კავშირის სისტემების შემუშავება რადიოარხებისათვის | ||
| 653 | _aრადიოკავშირი | ||
| 700 |
_aშავგულიძე, სერგო _910686 |
||
| 700 |
_aყიფშიძე, ზურაბ _eრედაქცია _910687 |
||
| 942 |
_2udc _cBK |
||